Great people of our time
Uloženo v:
| Hlavní autor: | |
|---|---|
| Médium: | Kniha |
| Jazyk: | angličtina |
| Vydáno: |
Londres
Macmillan
1976
|
| Edice: | Ranger fact, 6
|
| Témata: | |
| Tagy: |
Přidat tag
Žádné tagy, Buďte první, kdo vytvoří štítek k tomuto záznamu!
|
MARC
| LEADER | 00000nam a2200000 a 4500 | ||
|---|---|---|---|
| 001 | UCQ5437 | ||
| 003 | CL-VaPUC | ||
| 008 | 980925e19760000UK |||||||||||||||||eng|d | ||
| 082 | 0 | 4 | |a 428.6 |b CHR |2 21 |
| 100 | 0 | |a Christian, Carol |e author |9 419527 | |
| 245 | 1 | 0 | |a Great people of our time |
| 300 | |a 74 p | ||
| 942 | |c BK | ||
| 945 | |d 19980925 00:00:00 |a lriquelm | ||
| 260 | |a Londres |b Macmillan |c 1976 | ||
| 650 | 7 | |a INGLES COMPRENSION |2 CL-VaPUC |9 313403 | |
| 650 | 7 | |a INGLES EJERCICIOS DE LECTURA |2 CL-VaPUC |9 315288 | |
| 583 | |a last modification |c 19980925 00:00:00 |k Rodrigo Vera | ||
| 490 | 0 | |a Ranger fact, 6 | |
| 999 | |c 275649 |d 275647 | ||
| 952 | |0 0 |1 0 |4 0 |6 428_600000000000000_CHR_1976 |7 0 |8 A |9 312430 |a BIBEDU |b BIBEDU |d 2019-11-20 |i 1467603 |l 1 |m 1 |o 428.6 CHR 1976 |p 1467603 |r 2024-05-17 |s 2024-04-30 |w 2019-11-20 |y BK |k LIT | ||